000 00306nam a22001337a 4500
008 171020b xxu||||| |||| 00| 0 eng d
020 _a9780136078463
041 _aeng
080 _211TH
_a338
100 _a54
101 _aMIS
245 _aMANAGEMENT INFORMATION SYSTEMS
_cLAUDON,K.C
942 _2udc
_cBK
999 _c35077
_d35077